Baterias y convertidores de potencia. (Record no. 30680)

MARC details
000 -LEADER
campo de control de longitud fija 00771nam a2200217 i 4500
001 - NÚMERO DE CONTROL
campo de control 30680
003 - IDENTIFICADOR DE NÚMERO DE CONTROL
campo de control ES-MaACL
005 - FECHA Y HORA DE LA ÚLTIMA TRANSACCIÓN
campo de control 20230906154233.0
007 - CAMPO FIJO DE DESCRIPCIÓN FÍSICA--INFORMACIÓN GENERAL
campo de control de longitud fija t|
008 - DATOS DE LONGITUD FIJA--INFORMACIÓN GENERAL
campo de control de longitud fija 030127s1960 sp ||||1| spa d
110 2# - ENTRADA PRINCIPAL--NOMBRE DE ENTIDAD CORPORATIVA
Nombre de entidad corporativa o nombre de jurisdicción como elemento de entrada International Correspondence Schools.
9 (RLIN) 5267
245 10 - MENCIÓN DEL TÍTULO
Título Baterias y convertidores de potencia.
250 ## - MENCION DE EDICION
Mención de edición [1ª ed.].
260 ## - PUBLICACIÓN, DISTRIBUCIÓN, ETC.
Lugar de publicación, distribución, etc. Madrid, etc. :
Nombre del editor, distribuidor, etc. Escuelas Internacionales,
Fecha de publicación, distribución, etc. 1960.
300 ## - DESCRIPCIÓN FÍSICA
Extensión 68 p. :
Otras características físicas 1 gráf. pleg., il. ;
Dimensiones 19 cm.
490 1# - MENCIÓN DE SERIE
Mención de serie Escuelas Internacionales (International Correspondence Schools System) ;
Designación de volumen o secuencia 7274
650 04 - PUNTO DE ACCESO ADICIONAL DE MATERIA--TÉRMINO DE MATERIA
Término de materia o nombre geográfico como elemento de entrada Pilas eléctricas.
9 (RLIN) 15999
830 0# - PUNTO DE ACCESO ADICIONAL DE SERIE-TÍTULO UNIFORME
Título uniforme Escuelas Internacionales (International Correspondence Schools System) ;
Designación de volumen o secuencia 7274
9 (RLIN) 182045
852 ## - LOCALIZACIÓN
Ubicación ES-MaACL
Número de control de estantería C-19715
Sublocalización o colección R.45881
Holdings
Estatus retirado Estado de pérdida Estado de daño No para préstamo Biblioteca de origen Biblioteca actual Ubicación en estantería Fecha de adquisición Fuente de adquisición Total de préstamos Signatura topográfica completa Código de barras Visto por última vez Precio de reemplazo Tipo de ítem Koha
        Biblioteca del Ateneo de Madrid Biblioteca del Ateneo de Madrid Galería 17/01/2008     C-19715 1031681 23/02/2023 23/02/2023 Libro impreso